Loading...
| Fine Arts - Other | 0 | 6 | 0 | 1 | 60 | 68 | 93.33 | 0 | 1 | 11.16 | 22.38 |
| History - European | 0 | 6 | 1 | 0 | 55 | 27 | 69.00 | 1 | 4 | 22.48 | 38.81 |
| Social Science | 0 | 4 | 0 | 0 | 40 | 35 | 56.00 | 1 | 4 | 27.02 | 39.29 |
| Religion | 0 | 4 | 1 | 1 | 35 | 42 | 87.50 | 1 | 2 | 10.57 | 20.71 |
| Literature - British | 0 | 3 | 0 | 1 | 30 | 94 | 108.00 | 0 | 1 | 1.45 | 7.50 |
| History - World | 0 | 3 | 0 | 1 | 30 | 14 | 63.33 | 1 | 1 | 12.32 | 11.19 |
| Current Events | 0 | 3 | 0 | 0 | 30 | 23 | 69.67 | 1 | 3 | 26.44 | 55.36 |
| Literature - World | 0 | 3 | 0 | 0 | 30 | 41 | 90.33 | 1 | 2 | 7.83 | 17.62 |
| Fine Arts - Classical Music | 0 | 3 | 1 | 0 | 25 | 98 | 102.33 | 0 | 3 | 3.67 | 14.29 |
| Mythology | 0 | 3 | 1 | 1 | 25 | 56 | 80.00 | 0 | 2 | 9.16 | 21.19 |
| History - Other | 0 | 3 | 2 | 1 | 20 | 43 | 84.67 | 1 | 2 | 5.92 | 13.93 |
| Philosophy | 0 | 2 | 1 | 0 | 15 | 36 | 58.00 | 1 | 1 | 11.05 | 17.56 |
| History - American | 0 | 2 | 1 | 0 | 15 | 66 | 70.50 | 0 | 2 | 6.51 | 16.90 |
| Fine Arts - Painting and Sculpture | 0 | 1 | 0 | 0 | 10 | 114 | 114.00 | 0 | 0 | 0.81 | 4.29 |
| Literature - American | 0 | 1 | 0 | 0 | 10 | 51 | 51.00 | 0 | 1 | 5.41 | 5.71 |
| Literature - European | 0 | 1 | 0 | 0 | 10 | 69 | 69.00 | 1 | 1 | 4.44 | 10.00 |
| Science - Other | 0 | 1 | 1 | 0 | 5 | 99 | 99.00 | 0 | 0 | 1.08 | 3.33 |
| Science - Physics | 0 | 0 | 0 | 0 | 0 | 0.00 | 0 | 0 | 0.00 | 0.00 | |
| Geography | 0 | 0 | 1 | 0 | -5 | 0.00 | 0 | 0 | 0.00 | 0.00 | |
| Popular Culture | 0 | 0 | 2 | 0 | -10 | 0.00 | 0 | 0 | 0.00 | 0.00 |